Исследование структуры порошков на основе железа после механической активации для получения фидстоков; Современные технологии и материалы новых поколений

Xehetasun bibliografikoak
Parent link:Современные технологии и материалы новых поколений.— 2017.— [С. 111-112]
Egile nagusia: Турдубаева К. В.
Erakunde egilea: Национальный исследовательский Томский политехнический университет (ТПУ) Институт физики высоких технологий (ИФВТ) Кафедра материаловедения в машиностроении (ММС)
Beste egile batzuk: Кульков С. Н. Сергей Николаевич
Gaia:Заглавие с экрана
Hizkuntza:errusiera
Argitaratua: 2017
Saila:Проблемы прочности, пластичности и усталостной долговечности современных конструкционных материалов
Gaiak:
Sarrera elektronikoa:http://earchive.tpu.ru/handle/11683/43799
Formatua: Baliabide elektronikoa Liburu kapitulua
KOHA link:https://koha.lib.tpu.ru/cgi-bin/koha/opac-detail.pl?biblionumber=624059

MARC

LEADER 00000naa2a2200000 4500
001 624059
005 20231101133308.0
035 |a (RuTPU)RU\TPU\conf\23272 
035 |a RU\TPU\conf\23269 
090 |a 624059 
100 |a 20171030d2017 k y0rusy50 ca 
101 0 |a rus  |e rus 
102 |a RU 
105 |a y z 101zy 
135 |a drcn ---uucaa 
181 0 |a i  
182 0 |a b 
200 1 |a Исследование структуры порошков на основе железа после механической активации для получения фидстоков  |f К. В. Турдубаева, С. Н. Кульков 
203 |a Текст  |c электронный 
225 1 |a Проблемы прочности, пластичности и усталостной долговечности современных конструкционных материалов 
230 |a 1 компьютерный файл (pdf; 761 Кб) 
300 |a Заглавие с экрана 
463 0 |0 (RuTPU)RU\TPU\conf\23187  |t Современные технологии и материалы новых поколений  |o сборник трудов Международной конференции с элементами научной школы для молодежи, г. Томск, 9-13 октября 2017 г.  |f Национальный исследовательский Томский политехнический университет (ТПУ) ; Российская академия наук (РАН), Сибирское отделение (СО), Институт физики прочности и материаловедения (ИФПМ)  |v [С. 111-112]  |d 2017 
610 1 |a электронный ресурс 
610 1 |a порошки 
610 1 |a структура 
610 1 |a железо 
610 1 |a механическая активация 
610 1 |a фидстоки 
610 1 |a металлические порошки 
610 1 |a наполнители 
610 1 |a композиты 
610 1 |a углерод 
700 1 |a Турдубаева  |b К. В. 
701 1 |a Кульков  |b С. Н.  |c специалист в области материаловедения  |c профессор Томского политехнического университета, доктор физико-математических наук  |f 1952-  |g Сергей Николаевич  |2 stltpush  |3 (RuTPU)RU\TPU\pers\28994 
712 0 2 |a Национальный исследовательский Томский политехнический университет (ТПУ)  |b Институт физики высоких технологий (ИФВТ)  |b Кафедра материаловедения в машиностроении (ММС)  |h 74  |2 stltpush  |3 (RuTPU)RU\TPU\col\18688 
801 2 |a RU  |b 63413507  |c 20171103  |g RCR 
856 4 |u http://earchive.tpu.ru/handle/11683/43799 
942 |c BK